000 00338nam a2200145Ia 4500
008 240624s9999 xx 000 0 und d
041 _aeng
082 _a332 FAB
100 _aFABOZZI FRANK J
245 _aHANDBOOK OF FINANCE
260 _c2008
_aNew Jersey
_bJohn Wiley and Sons
300 _a28 : cm.
365 _c
_b30
440 _v3
999 _c10645
_d10645